Apiterapia y reumatismo; pasado, presente y porvenir del veneno de abeja en la medicina /

Guardado en:
Autor Principal: Martínez Rubio, Eduardo
Formato: Libro
Publicado: Buenos Aires : V zquez, 1946
Materias:
Etiquetas: Agregar Etiqueta
Sin Etiquetas, Sea el primero en etiquetar este registro!
LEADER 00587nam a22001935a 4500
001 CEM.cems004175
005 20060216000000.0
008 130507s1946##################000#0#####d
003 CEMS
082 0 4 |a 615.85 
100 1 |a Martínez Rubio, Eduardo 
245 1 0 |a Apiterapia y reumatismo; pasado, presente y porvenir del veneno de abeja en la medicina / 
260 |a Buenos Aires :  |b V zquez,  |c 1946 
300 |a 316 p. 
653 |a Apiterapia 
653 |a Enfermedades-terapeutica 
653 |a Reumatismo 
653 |a Venenos 
859 |a CEMS  |b BIB. CEMS - 11 de abril  |h 615.85  |i M366  |p 5052.76  |t Ej.1